000 00909nam a22003370a 4500
001 PT9891
003 AR-LpoUNG
005 20210131232358.0
008 191001s1985||||sp |||||||||||||||||spa d
020 _a8439500238
_c$13.05
040 _aAR-LpoUNG
_bspa
_cAR-LpoUNG
_eaacr
044 _asp
082 0 _a410 762pal
100 1 _aFoucault, Michel
245 1 4 _aLas palabras y las cosas :
_buna arqueología de las ciencias humanas
250 _a1ra. ed.
260 _aBarcelona :
_bPlaneta DeAgostini,
_c1985.
300 _a373 p. :
_bil., gráfs.
650 4 _aANALISIS HISTORICO
650 4 _aCIVILIZACION
650 4 _aGRAMATICA
650 4 _aIDEOLOGIAS
650 4 _aINVESTIGACION
650 4 _aLINGÜISTICA
650 4 _aSEMANTICA
651 4 _aDOCUMENTOS TEORICOS O METODOLOGICOS
653 _aEPISTEMOLOGIA
700 1 _aFrost, Elsa Cecilia
905 _a9891
942 _cLIB
999 _c15295
_d15295